000 00619nam a2200241 a 4500
001 nice12345678
003 IN_TiNIC
005 20260116011253.0
008 050524s1892 cama grp 000 0 eng
020 _a
_c100
082 0 0 _a221.13
_bSMI
100 _aSmith, W Robertson
245 _aOld Testament in the Jewish Church.
260 _aCambridge
_bCambridge University Press
_c1892
300 _a458p
500 _aincludes index and biblioraphy
505 2 _aIndices
650 _aBible O.T. Criticism & Interpretati
700 1 _aSmith, W Robertson
902 _bSRS
942 _cBK
999 _c48
_d48